[Event "Saint Louis Masters 2026"]
[Site "Saint Louis USA"]
[Date "2026.02.28"]
[Round "7.5"]
[White "Adewumi, Tanitoluwa"]
[Black "Durarbayli, Vasif"]
[Result "1/2-1/2"]
[WhiteTitle "IM"]
[BlackTitle "GM"]
[WhiteElo "2433"]
[BlackElo "2612"]
[WhiteFideId "30966396"]
[BlackFideId "13402935"]
[EventDate "2026.02.25"]

1. d4 d5 2. c4 c6 3. Nf3 Nf6 4. e3 Bf5 5. Nc3 e6 6. Nh4 Be4 7. f3 Bg6 8. Qb3 Qb6
9. Nxg6 hxg6 10. Bd2 Bd6 11. Kf2 Qc7 12. cxd5 exd5 13. Bd3 Nbd7 14. Rac1 a6 15.
g3 Nf8 16. Kg2 Ne6 17. Ne2 Qd7 18. Qc2 c5 19. b3 O-O 20. Qb2 Rfe8 21. Rce1 Rac8
22. dxc5 Bxc5 23. Nd4 Bb6 24. Bc3 Ng5 25. h4 Ne6 26. Nxe6 Qxe6 27. h5 Nxh5 28.
g4 d4 29. Bxd4 Bxd4 30. Qxd4 Rcd8 31. Qc4 Qxc4 32. Bxc4 Rd2+ 33. Kh3 b5 34. gxh5
bxc4 35. hxg6 c3 36. Rh2 Rd3 37. Kg3 fxg6 38. Rh4 c2 39. Rc4 Rd2 40. Rc1 Rxe3
41. R1xc2 Rxc2 42. Rxc2 Re6 43. Rc7 Kh7 44. Rb7 a5 45. a4 g5 46. Rb5 Re3 47.
Rxg5 Rxb3 48. Rxa5 Ra3 49. Ra6 g6 50. Kg4 Kh6 51. Ra8 Ra1 52. a5 Ra4+ 53. f4 Ra3
54. a6 Kg7 55. f5 Ra5 56. fxg6 Kxg6 57. Kf4 Kf7 58. Ke4 Kg7 59. Kd4 Rf5 60. Rb8
Ra5 61. Ra8 Rf5 62. Kc4 Rf6 63. Ra7+ Kh8 64. Kd5 Rg6 65. Ra8+ Kh7 66. Ke5 Rg5+
67. Kf6 Rg6+ 68. Kf7 Rg7+ 69. Kf6 Rg6+ 70. Kf5 Rb6 71. Kf4 Rg6 72. Ke3 Rg3+ 73.
Kd4 Rg4+ 74. Kd5 Rg5+ 75. Ke4 Rg6 76. Ra7+ Kh8 77. Kd5 Rg5+ 78. Kc6 Rg6+ 79. Kd5
Rg5+ 80. Ke6 Rg6+ 81. Kf5 Rb6 82. Kg5 Rc6 1/2-1/2

[Event "Saint Louis Masters 2026"]
[Site "Saint Louis USA"]
[Date "2026.02.28"]
[Round "7.6"]
[White "Sonis, Francesco"]
[Black "Matviishen, Viktor"]
[Result "1/2-1/2"]
[WhiteTitle "GM"]
[BlackTitle "GM"]
[WhiteElo "2561"]
[BlackElo "2533"]
[WhiteFideId "895733"]
[BlackFideId "14129850"]
[EventDate "2026.02.25"]

1. e4 e5 2. Nf3 Nc6 3. Bb5 a6 4. Ba4 Nf6 5. O-O Be7 6. Re1 b5 7. Bb3 d6 8. c3
O-O 9. h3 Nb8 10. d4 Nbd7 11. Nbd2 Bb7 12. Bc2 Re8 13. Nf1 Bf8 14. Ng3 a5 15.
Bd2 a4 16. Bd3 c6 17. Rc1 g6 18. Bg5 h6 19. Be3 Bg7 20. Qd2 Kh7 21. dxe5 Nxe5
22. Nxe5 Rxe5 23. Rcd1 Re8 24. f4 Qc7 25. Bb1 Rad8 26. Qf2 c5 27. Bc1 Kg8 28. e5
dxe5 29. Rxd8 Qxd8 30. fxe5 Qd5 31. Bf4 g5 32. Ne4 Nxe4 33. Bxe4 Qd7 34. Bxb7
Qxb7 35. Bg3 Qd5 36. Qe2 c4 37. a3 Re6 38. Qf3 Qxf3 39. gxf3 Kh7 40. Kf2 Kg6 41.
Re4 h5 42. Ke3 h4 43. Bh2 Kf5 44. f4 g4 45. hxg4+ Kxg4 46. Rd4 Rg6 47. Rd2 Bh6
48. Ke4 h3 49. Rf2 Kh4 50. f5 Rg2 51. Rxg2 hxg2 52. e6 fxe6 53. fxe6 Bf8 54. Kd5
Kg4 55. Kc6 Kf5 56. Kd7 Ke4 57. e7 Bxe7 58. Kxe7 Kd3 59. Kd6 Kc2 60. Kc5 Kxb2
61. Kb4 Kc2 62. Bg1 Kb2 63. Bf2 Kc2 64. Be3 Kb2 65. Bd4 Ka2 66. Bc5 Kb2 67. Bb6
Kc2 68. Bd4 Kb2 69. Kxb5 Kb3 70. Kc5 Kxa3 71. Kxc4 Kb2 72. Kb4 a3 73. c4+ Kc2
74. Kxa3 Kd3 75. Bf2 g1=Q 76. Bxg1 Kxc4 1/2-1/2

[Event "Saint Louis Masters 2026"]
[Site "Saint Louis USA"]
[Date "2026.02.28"]
[Round "7.7"]
[White "Kantor, Gergely"]
[Black "Mishra, Abhimanyu"]
[Result "1/2-1/2"]
[WhiteTitle "GM"]
[BlackTitle "GM"]
[WhiteElo "2515"]
[BlackElo "2629"]
[WhiteFideId "751499"]
[BlackFideId "30920019"]
[EventDate "2026.02.25"]

1. e4 c5 2. Nf3 d6 3. d4 cxd4 4. Nxd4 Nf6 5. Nc3 a6 6. Bg5 Nbd7 7. Bc4 Qb6 8.
Bb3 e6 9. Qd2 Be7 10. O-O-O Nc5 11. f3 Qc7 12. Kb1 h6 13. Be3 b5 14. a3 e5 15.
Nf5 Nxb3 16. cxb3 Bxf5 17. exf5 Qb7 18. b4 O-O 19. h4 a5 20. bxa5 Rxa5 21. Nd5
Nxd5 22. Qxd5 Qa6 23. f6 Bxf6 24. Qxd6 Qa8 1/2-1/2

[Event "Saint Louis Masters 2026"]
[Site "Saint Louis USA"]
[Date "2026.02.28"]
[Round "7.8"]
[White "Putnam, Liam"]
[Black "Dudin, Gleb"]
[Result "1-0"]
[WhiteTitle "IM"]
[BlackTitle "GM"]
[WhiteElo "2485"]
[BlackElo "2596"]
[WhiteFideId "30938279"]
[BlackFideId "34184934"]
[EventDate "2026.02.25"]

1. e4 e5 2. Nf3 Nc6 3. Bb5 a6 4. Ba4 Nf6 5. O-O Be7 6. Bxc6 dxc6 7. Re1 Nd7 8.
d4 exd4 9. Qxd4 O-O 10. Bf4 Nc5 11. Qe3 Bg4 12. Ne5 Bh5 13. Qh3 Ne6 14. Be3 Bf6
15. Qxh5 g6 16. Qf3 Bxe5 17. c3 b5 18. Nd2 Qd3 19. Nb3 Rfd8 20. Na5 Qd7 21. Qg4
h5 22. Qh4 Bg7 23. f4 Qe8 24. f5 Nf8 25. f6 Bh8 26. Nb7 Rd3 27. Nc5 Rxe3 28.
Rxe3 Qe5 29. Nd3 Qxf6 30. Qxf6 Bxf6 31. Rf3 Bg7 32. Raf1 f6 33. Nb4 Re8 34. Re1
Nd7 35. Nxc6 Nc5 36. Rfe3 Re6 37. Nd4 Rd6 38. Kf1 Na4 39. b3 Nc5 40. Nf3 Bh6 41.
e5 Rd8 42. R3e2 f5 43. e6 Re8 44. Ne5 Rxe6 45. Ng4 Ne4 46. Nxh6+ Kg7 47. Nxf5+
gxf5 48. Rd1 Rc6 49. Rd3 Nxc3 50. Rc2 b4 51. a3 a5 52. axb4 axb4 53. Rd4 Rb6 54.
Rd7+ Kf6 55. Rxc7 Ra6 56. Rc4 Ra1+ 57. Kf2 Nd5 58. Rc6+ Kg5 59. Rd6 Nc3 60. Rd4
Ne4+ 61. Ke2 Rh1 62. h3 Rg1 63. Kd3 Kf4 64. Rxb4 Rd1+ 65. Kc4 Ke3 66. Rb8 Rd7
67. b4 Nd2+ 68. Kb5 Rg7 69. Rf8 Ne4 70. Ka4 f4 71. b5 Kd3 72. Rxf4 Nc3+ 73.
Rxc3+ Kxc3 74. b6 1-0

[Event "Saint Louis Masters 2026"]
[Site "Saint Louis USA"]
[Date "2026.02.28"]
[Round "7.9"]
[White "Bharath, Subramaniyam H"]
[Black "Munkhdalai, Amilal"]
[Result "1/2-1/2"]
[WhiteTitle "GM"]
[BlackTitle "IM"]
[WhiteElo "2595"]
[BlackElo "2455"]
[WhiteFideId "46634827"]
[BlackFideId "4903250"]
[EventDate "2026.02.25"]

1. e4 c5 2. Nf3 d6 3. d4 cxd4 4. Nxd4 Nf6 5. Nc3 a6 6. Bc4 e6 7. Be3 Qc7 8. Bb3
Nbd7 9. f3 Nc5 10. g4 b5 11. g5 Nfd7 12. a3 Nxb3 13. cxb3 Bb7 14. Qd2 Be7 15.
O-O-O O-O 16. Kb1 b4 17. axb4 d5 18. exd5 Bxb4 19. dxe6 Nc5 20. Nc2 a5 21. Qd6
Qxd6 22. Rxd6 Bxf3 23. Rf1 fxe6 24. Bxc5 Bxc5 25. Rxe6 Bg4 26. Rxf8+ Rxf8 27.
Re4 Bf5 28. Re2 Bg6 29. Ka2 Rf2 30. Na3 Rxe2 31. Nxe2 Be3 32. Nc4 Bxg5 33. Nxa5
Bd3 34. Ng3 g6 35. Nc6 Bf4 36. Nb4 Bb5 37. Nd5 Bd6 38. Nf6+ Kf7 39. Nxh7 Bf4 40.
Ne4 Bxh2 41. Nhg5+ Ke7 42. b4 Bf4 1/2-1/2

[Event "Saint Louis Masters 2026"]
[Site "Saint Louis USA"]
[Date "2026.02.28"]
[Round "7.10"]
[White "Fier, Alexandr"]
[Black "Kacharava, Nikolozi"]
[Result "1/2-1/2"]
[WhiteTitle "GM"]
[BlackTitle "GM"]
[WhiteElo "2572"]
[BlackElo "2501"]
[WhiteFideId "2107139"]
[BlackFideId "13611860"]
[EventDate "2026.02.25"]

1. e4 e5 2. Nf3 Nc6 3. Bb5 Nf6 4. O-O Nxe4 5. d4 Nd6 6. Bxc6 dxc6 7. dxe5 Nf5 8.
Qxd8+ Kxd8 9. h3 Be7 10. Nc3 Nh4 11. Nxh4 Bxh4 12. Be3 h5 13. Rad1+ Ke8 14. Ne2
Bd7 15. f3 Be7 16. g4 Rd8 17. Kg2 Bc8 18. Ng3 hxg4 19. hxg4 Rd5 20. Bd4 g6 21.
c4 Ra5 22. e6 f6 23. Rfe1 c5 24. Bc3 Ra6 25. g5 Rf8 26. gxf6 Bxf6 27. Bxf6 Rxf6
28. Ne4 Rf5 29. Ng3 Rf6 30. Ne4 Rf5 31. Ng3 1/2-1/2

[Event "Saint Louis Masters 2026"]
[Site "Saint Louis USA"]
[Date "2026.02.28"]
[Round "7.12"]
[White "Mikaelyan, Arman"]
[Black "Quesada Perez, Yasser"]
[Result "1/2-1/2"]
[WhiteTitle "GM"]
[BlackTitle "GM"]
[WhiteElo "2494"]
[BlackElo "2562"]
[WhiteFideId "13304852"]
[BlackFideId "3509362"]
[EventDate "2026.02.25"]

1. d4 d5 2. Nf3 Nf6 3. c4 e6 4. Nc3 c5 5. cxd5 cxd4 6. Qxd4 exd5 7. Bg5 Be7 8.
e3 O-O 9. Be2 h6 10. Bh4 Nc6 11. Qd3 Be6 12. O-O Qb6 13. Bxf6 Bxf6 14. Nxd5 Bxd5
15. Qxd5 Qxb2 16. Bc4 Rad8 17. Qf5 Qb4 18. Rac1 Qa5 19. Qb1 Rd7 1/2-1/2

[Event "Saint Louis Masters 2026"]
[Site "Saint Louis USA"]
[Date "2026.02.28"]
[Round "7.13"]
[White "Park, Evan"]
[Black "Stremavicius, Titas"]
[Result "0-1"]
[WhiteTitle "IM"]
[BlackTitle "GM"]
[WhiteElo "2419"]
[BlackElo "2547"]
[WhiteFideId "30931142"]
[BlackFideId "12804444"]
[EventDate "2026.02.25"]

1. e4 e6 2. d4 d5 3. Nc3 Nf6 4. e5 Nfd7 5. f4 c5 6. Nf3 Nc6 7. Be3 a6 8. Ne2 Qb6
9. Qc1 Be7 10. c3 O-O 11. h4 f6 12. h5 h6 13. Rh3 Rf7 14. Kf2 cxd4 15. cxd4 Nf8
16. Kg1 Bd7 17. exf6 Bxf6 18. Ne5 Bxe5 19. dxe5 Qa5 20. a3 Rc8 21. b4 Qd8 22.
Qd2 Ne7 23. Nd4 Ba4 24. Bd3 Nc6 25. Nxc6 Rxc6 26. Bc5 Rfc7 27. Rf1 Bb5 28. f5
exf5 29. Bxb5 axb5 30. Bd6 Rf7 31. Qxd5 Qd7 32. Rhf3 Qe6 33. Qxb5 Nd7 34. Rg3 f4
35. Rg6 Qf5 36. Qd5 Qxh5 37. Re6 Nf6 38. Qd3 Qg4 39. Qh3 Qxh3 40. gxh3 Ne4 41.
Re8+ Kh7 42. e6 Rf6 43. Bxf4 Rg6+ 44. Kh1 Rc3 45. e7 Rxh3+ 46. Bh2 Ng3+ 47. Kg2
Rxh2+ 48. Kf3 Nxf1 49. Rh8+ Kxh8 50. e8=Q+ Kh7 0-1

[Event "Saint Louis Masters 2026"]
[Site "Saint Louis USA"]
[Date "2026.02.28"]
[Round "7.14"]
[White "Shlyakhtenko, Robert"]
[Black "Hardaway, Brewington"]
[Result "1/2-1/2"]
[WhiteTitle "IM"]
[BlackTitle "GM"]
[WhiteElo "2453"]
[BlackElo "2544"]
[WhiteFideId "30936934"]
[BlackFideId "30941849"]
[EventDate "2026.02.25"]

1. e4 e5 2. Nc3 Nf6 3. d4 d6 4. Nf3 Nbd7 5. Bc4 Be7 6. O-O O-O 7. Re1 c6 8. a4
Qc7 9. h3 Re8 10. a5 Bf8 11. Ba2 h6 12. Be3 exd4 13. Bxd4 Ne5 14. Nh2 Be6 15.
Bxe6 Rxe6 16. f4 Ned7 17. Ng4 d5 18. Nxf6+ Nxf6 19. e5 Nd7 20. Qd2 a6 21. Na4 1/2-1/2

[Event "Saint Louis Masters 2026"]
[Site "Saint Louis USA"]
[Date "2026.02.28"]
[Round "7.15"]
[White "Alexakis, Dimitris"]
[Black "Atanasov, Anthony"]
[Result "1/2-1/2"]
[WhiteTitle "GM"]
[BlackTitle "IM"]
[WhiteElo "2538"]
[BlackElo "2441"]
[WhiteFideId "4277023"]
[BlackFideId "2623897"]
[EventDate "2026.02.25"]

1. e4 e5 2. Nf3 Nf6 3. d4 Nxe4 4. Bd3 d5 5. Nxe5 Nd7 6. Nc3 Nxe5 7. dxe5 Nxc3 8.
bxc3 c5 9. O-O c4 10. Be2 Bc5 11. Bf3 Be6 12. Re1 b5 13. Be3 Qb6 14. Qd2 O-O 15.
h4 a5 16. h5 h6 17. Bxc5 Qxc5 18. a3 Rab8 19. Red1 Rfd8 20. Qd4 Qe7 21. Rd2 Rd7
22. Qe3 Re8 23. Qb6 Qg5 24. Re2 Bg4 25. Bxg4 Qxg4 26. f3 Qxh5 27. Qxb5 Qf5 28.
Rae1 Qe6 29. a4 Ra8 30. Qc5 Rdd8 31. Rb1 Qd7 32. Rb5 d4 33. Qxc4 Qa7 34. Rc5
dxc3 35. Kh2 Qd7 36. e6 fxe6 37. Rxe6 Kh8 38. Rec6 Qd4 39. Rf5 Rd7 40. Rf4 Qe5
41. Re6 Qc7 42. Rc6 Qe5 43. Rc5 Qd6 44. Kh3 Qd2 45. Rcf5 Rdd8 46. Rc5 Qc1 47.
Re4 Qxc2 48. Rc7 Qb2 49. Qxc3 Qxc3 50. Rxc3 Rd5 51. Rc7 Rad8 52. Ra7 Rh5+ 53.
Kg3 Rg5+ 54. Kh3 Rh5+ 55. Kg3 1/2-1/2

[Event "Saint Louis Masters 2026"]
[Site "Saint Louis USA"]
[Date "2026.02.28"]
[Round "7.16"]
[White "Mardov, Dimitar"]
[Black "Raja, Harshit"]
[Result "1/2-1/2"]
[WhiteTitle "IM"]
[BlackTitle "GM"]
[WhiteElo "2504"]
[BlackElo "2472"]
[WhiteFideId "30919495"]
[BlackFideId "5089000"]
[EventDate "2026.02.25"]

1. e4 c5 2. Nf3 d6 3. Bb5+ Nd7 4. O-O a6 5. Be2 Ngf6 6. d3 g6 7. c4 Bg7 8. Nc3
O-O 9. d4 cxd4 10. Nxd4 Nc5 11. f3 Ne6 12. Nc2 Bd7 13. Be3 Bc6 14. Qd2 a5 15. b3
Nd7 16. Rac1 Ndc5 17. Nd5 b6 18. Rfe1 Rb8 19. Bf1 Rb7 20. Na3 Kh8 21. Nb5 Bd7
22. Bf2 g5 23. Be3 Be5 24. g3 Rg8 25. Bg2 Qf8 26. Kh1 Bg7 27. f4 gxf4 28. gxf4
Bh6 29. Rg1 Ng7 30. Nd4 f6 31. Rcf1 e6 32. Nc3 e5 33. Nde2 Bc6 34. Nd5 Rf7 35.
fxe5 Bxe3 36. Qxe3 fxe5 37. Rxf7 Qxf7 38. Rf1 Qg6 39. Qg3 Bxd5 1/2-1/2

[Event "Saint Louis Masters 2026"]
[Site "Saint Louis USA"]
[Date "2026.02.28"]
[Round "7.17"]
[White "Pyrih, Roman"]
[Black "Budisavljevic, Luka"]
[Result "0-1"]
[WhiteTitle "IM"]
[BlackTitle "GM"]
[WhiteElo "2403"]
[BlackElo "2501"]
[WhiteFideId "14179156"]
[BlackFideId "960047"]
[EventDate "2026.02.25"]

1. Nf3 d5 2. e3 c5 3. b3 Nf6 4. Bb2 e6 5. c4 Nc6 6. cxd5 exd5 7. Bb5 Bd6 8. O-O
O-O 9. d4 cxd4 10. Nxd4 Bc7 11. Nd2 Qd6 12. g3 Ba5 13. Nxc6 Bxd2 14. Ne7+ Qxe7
15. Qxd2 Be6 16. Qd4 a6 17. Bd3 Rac8 18. Rfc1 h6 19. Qh4 Rfe8 20. Rxc8 Rxc8 21.
Rd1 Kf8 22. Qa4 Kg8 23. Qd4 Bg4 24. Re1 Qe6 25. Qf4 Nh5 26. Qb4 Bf3 27. Qh4 Nf6
28. Qf4 Be4 29. Rd1 Bxd3 30. Rxd3 Ne4 31. Qe5 Qxe5 32. Bxe5 f6 33. Rxd5 fxe5 34.
Rxe5 Nc3 35. Re7 b5 36. a3 Nb1 37. a4 b4 38. Re6 Nd2 39. Rxa6 Rb8 40. Rd6 Nxb3
41. Rd1 Na5 0-1

[Event "Saint Louis Masters 2026"]
[Site "Saint Louis USA"]
[Date "2026.02.28"]
[Round "7.18"]
[White "Oparin, Grigoriy"]
[Black "Bilych, Oleksii"]
[Result "1-0"]
[WhiteTitle "GM"]
[BlackTitle "IM"]
[WhiteElo "2658"]
[BlackElo "2450"]
[WhiteFideId "24125890"]
[BlackFideId "14156504"]
[EventDate "2026.02.25"]

1. e4 e5 2. Nf3 Nc6 3. Bb5 a6 4. Ba4 Nf6 5. O-O Be7 6. Bxc6 dxc6 7. Re1 Nd7 8.
d4 exd4 9. Qxd4 O-O 10. Nc3 Nf6 11. Bf4 Qxd4 12. Nxd4 Rd8 13. Rad1 Ne8 14. h3 a5
15. g4 a4 16. Nf5 Bxf5 17. Rxd8 Rxd8 18. exf5 Kf8 19. Ne4 a3 20. b3 Bb4 21. c3
Be7 22. Kf1 Nf6 23. Nxf6 gxf6 24. Ke2 Bd6 25. Bh6+ Ke7 26. Kd3+ Kd7 27. Kc2 Rg8
28. Re4 b5 29. h4 c5 30. f3 Kc6 31. Bc1 b4 32. Bd2 Rb8 33. g5 Kd5 34. Kd3 Rg8
35. f4 h6 36. cxb4 cxb4 37. Rd4+ Kc6 38. Kc4 Rb8 39. g6 h5 40. Rd3 fxg6 41. fxg6
f5 42. g7 Rg8 43. Rg3 Be7 44. Bxb4 Bxb4 45. Kxb4 Kd5 46. Re3 Rxg7 47. Re5+ Kd4
48. Rxf5 Rg4 49. Rxh5 Rxf4 50. Rc5 Rf2 51. Rc4+ Kd5 52. Kxa3 c5 53. Ka4 Rf8 54.
Rg4 Ra8+ 55. Kb5 Rb8+ 56. Ka6 Ra8+ 57. Kb6 Rxa2 58. Rg5+ Kd4 59. Rxc5 Rb2 60.
Rb5 Kc3 61. h5 Rd2 62. Kc7 Rd1 63. h6 Rd2 64. Rh5 1-0

[Event "Saint Louis Masters 2026"]
[Site "Saint Louis USA"]
[Date "2026.02.28"]
[Round "7.19"]
[White "Kevlishvili, Robby"]
[Black "Ostrovskiy, Aleksandr"]
[Result "1-0"]
[WhiteTitle "GM"]
[BlackTitle "IM"]
[WhiteElo "2527"]
[BlackElo "2367"]
[WhiteFideId "1040634"]
[BlackFideId "2034239"]
[EventDate "2026.02.25"]

1. d4 d5 2. Nf3 Nf6 3. Bf4 c5 4. e3 Nc6 5. Nbd2 Nh5 6. dxc5 Nxf4 7. exf4 g6 8.
Nb3 Bh6 9. g3 O-O 10. Bg2 Bg7 11. c3 a5 12. O-O e6 13. Re1 a4 14. Nbd4 Qe7 15.
Rc1 Qxc5 16. Qd2 a3 17. b4 Qb6 18. Nxc6 bxc6 19. Ne5 Rd8 20. h4 Ba6 21. h5 c5
22. hxg6 hxg6 23. Bh3 Rd6 24. Rb1 cxb4 25. Rxb4 Qc7 26. Reb1 Rdd8 27. Qe3 Re8
28. Rb6 Bc8 29. Bf1 Bf8 30. Rc6 Qa5 31. Rb5 Qa4 32. Rbb6 Qc2 33. Rc7 Re7 34. Qc5
Ra5 35. Qc6 Rxc7 36. Qxc7 1-0

[Event "Saint Louis Masters 2026"]
[Site "Saint Louis USA"]
[Date "2026.02.28"]
[Round "7.20"]
[White "Lu, Maximillian"]
[Black "Warmerdam, Max"]
[Result "1/2-1/2"]
[WhiteTitle "IM"]
[BlackTitle "GM"]
[WhiteElo "2424"]
[BlackElo "2580"]
[WhiteFideId "2096242"]
[BlackFideId "1048104"]
[EventDate "2026.02.25"]

1. Nf3 Nf6 2. g3 b5 3. Bg2 Bb7 4. d3 e6 5. e4 Be7 6. O-O O-O 7. e5 Nd5 8. c4
bxc4 9. dxc4 Nb6 10. Qc2 Nc6 11. Rd1 d5 12. b3 a5 13. Nc3 Qc8 14. Bg5 dxc4 15.
bxc4 Nxe5 16. Nxe5 Bxg5 17. Ne4 Bxe4 18. Bxe4 Bf6 19. Nc6 g6 20. Rab1 a4 21. Rb5
a3 22. Na5 Ra7 23. Qb3 Kg7 24. Bb7 Qe8 25. Bc6 Qc8 26. Bb7 Qe8 27. Bc6 Qc8 28.
Bb7 1/2-1/2

[Event "Saint Louis Masters 2026"]
[Site "Saint Louis USA"]
[Date "2026.02.28"]
[Round "7.21"]
[White "Narayanan, Samrug"]
[Black "Tiglon, Bryce"]
[Result "1/2-1/2"]
[WhiteTitle "IM"]
[BlackTitle "GM"]
[WhiteElo "2438"]
[BlackElo "2550"]
[WhiteFideId "30914051"]
[BlackFideId "2087456"]
[EventDate "2026.02.25"]

1. e4 e5 2. Nf3 Nc6 3. Bb5 Bc5 4. c3 Nf6 5. O-O O-O 6. d4 Bb6 7. dxe5 Nxe4 8.
Bd3 d5 9. exd6 Nxd6 10. Bg5 f6 11. Bf4 Bf5 12. Bxd6 Bxd3 13. Bxf8 Bxf1 14. Qxf1
Qxf8 15. Nbd2 Qf7 16. a4 a6 17. Qc4 Qxc4 18. Nxc4 Bc5 19. Kf1 Kf7 20. Nfd2 Bf8
21. Nb3 Rd8 22. Ke2 Rd5 23. Ne3 Rd8 24. Nc4 Re8+ 25. Kf1 Ne5 26. Nxe5+ Rxe5 27.
Nd2 Rh5 28. h3 Rd5 29. Nf3 h5 30. Re1 g5 31. Re4 Bd6 32. Ke2 f5 33. Rd4 Rxd4 34.
Nxd4 Kf6 35. f3 Ke5 36. Nc2 g4 37. fxg4 fxg4 38. hxg4 hxg4 39. Ne3 Kf4 40. Nf1
Ke4 41. Ne3 Kf4 42. Nf1 Bc5 43. Kd3 Bg1 44. Ke2 Ke4 45. Ng3+ Kf4 46. Nf1 Ba7 47.
Kd3 Bf2 48. Ke2 Bh4 49. Kd3 Bf6 50. Ke2 Bh8 51. Kd3 Be5 52. Ke2 Ke4 53. Ne3 Kf4
54. Nf1 b5 55. axb5 axb5 56. Kd3 c5 57. Ke2 c4 58. Ne3 Bd6 59. g3+ Ke4 60. Nxg4
Bxg3 61. Ne3 Bf4 62. Nc2 Bc1 63. Na3 Bxb2 64. Nxb5 Ke5 1/2-1/2

[Event "Saint Louis Masters 2026"]
[Site "Saint Louis USA"]
[Date "2026.02.28"]
[Round "7.22"]
[White "Kadric, Denis"]
[Black "Rosen, Eric"]
[Result "1-0"]
[WhiteTitle "GM"]
[BlackTitle "IM"]
[WhiteElo "2540"]
[BlackElo "2377"]
[WhiteFideId "14403803"]
[BlackFideId "2032562"]
[EventDate "2026.02.25"]

1. e4 c5 2. Nf3 Nc6 3. d4 cxd4 4. Nxd4 g6 5. c4 Nf6 6. Nc3 d6 7. Be2 Nxd4 8.
Qxd4 Bg7 9. Bg5 O-O 10. Qe3 Ng4 11. Qd2 h6 12. Bh4 Ne5 13. f4 Nc6 14. O-O Qa5
15. Rac1 Be6 16. Kh1 Rae8 17. b3 f5 18. exf5 gxf5 19. Rf3 Bf7 20. Rg3 Kh7 21.
Qd3 Nb4 22. Qd2 Nc6 23. Qd1 Qa3 24. Rc2 Qc5 25. Rd2 e5 26. fxe5 dxe5 27. Rd7 e4
28. Bh5 Ne5 29. Bxf7 Rxf7 30. Rxf7 Nxf7 31. Qh5 Qf8 32. Bf6 Bxf6 33. Qxf5+ Kh8
34. Qxf6+ Kh7 35. Nxe4 Nd6 36. Ng5+ Kg8 37. Nf7+ 1-0

[Event "Saint Louis Masters 2026"]
[Site "Saint Louis USA"]
[Date "2026.02.28"]
[Round "7.23"]
[White "Rorrer, Grayson"]
[Black "Harsha, Bharathakoti"]
[Result "0-1"]
[WhiteTitle "IM"]
[BlackTitle "GM"]
[WhiteElo "2415"]
[BlackElo "2538"]
[WhiteFideId "30944996"]
[BlackFideId "5078776"]
[EventDate "2026.02.25"]

1. e4 e6 2. d4 d5 3. Nc3 Nf6 4. e5 Nfd7 5. f4 c5 6. Nf3 Nc6 7. Be3 a6 8. a3 Qc7
9. Bd3 cxd4 10. Nxd4 Ndxe5 11. fxe5 Qxe5 12. Qd2 Bc5 13. O-O-O Bxd4 14. Bf4 Qf6
15. Bg5 Qf2 16. Ne2 Be5 17. Be3 Qh4 18. Bc5 Bd7 19. g3 Qd8 20. Qe3 b6 21. Bxb6
Bxb2+ 22. Kd2 d4 23. Bxd4 Nxd4 24. Nxd4 O-O 25. Ke2 Qb6 26. Nb3 Qc7 27. a4 Bxa4
28. Bxh7+ Kxh7 29. Qe4+ Kg8 30. Qxa4 Qxc2+ 31. Rd2 Qf5 32. Rf1 Qh5+ 33. Ke3 Rac8
34. Rff2 Rc3+ 35. Rd3 Qe5+ 36. Kd2 Rxd3+ 37. Kxd3 Rd8+ 38. Kc2 Qc3+ 39. Kb1 Qe1+ 0-1

[Event "Saint Louis Masters 2026"]
[Site "Saint Louis USA"]
[Date "2026.02.28"]
[Round "7.24"]
[White "Atwell, Rose"]
[Black "Heimann, Mark"]
[Result "1/2-1/2"]
[WhiteTitle "FM"]
[BlackTitle "GM"]
[WhiteElo "2337"]
[BlackElo "2511"]
[WhiteFideId "30951011"]
[BlackFideId "2028441"]
[EventDate "2026.02.25"]

1. d4 d5 2. c4 e6 3. Nf3 Nf6 4. g3 Bb4+ 5. Bd2 Be7 6. Bg2 O-O 7. O-O c6 8. Qc2
Nbd7 9. Rd1 b6 10. b3 Ba6 11. a4 Rc8 12. a5 c5 13. axb6 Qxb6 14. Qa2 Bb7 15. Ba5
Qd6 16. Na3 Qb8 17. Rac1 dxc4 18. Nxc4 cxd4 19. Nxd4 Bxg2 20. Kxg2 Ne5 21. Nxe5
Qxe5 22. Nf3 Qb5 23. Be1 Qb7 24. Rxc8 Rxc8 25. Ra1 Rc7 26. Kg1 Ne4 27. Ba5 Rc6
28. Be1 Bc5 29. Ne5 Rc8 30. Qa6 Rb8 31. Qxb7 Rxb7 32. b4 Bb6 33. Kg2 Rc7 34. f3
f6 35. Nd3 Nc3 36. e4 Nb5 37. Ra2 Kf7 38. Bf2 Rc3 39. Nc5 Rc4 40. Nd3 Nd4 41.
Bxd4 Rxd4 42. Rd2 Ke7 43. Kf1 Kd6 44. b5 Kc7 45. Ke2 e5 46. Ra2 Rc4 47. Kd2 Kb7
48. g4 Bg1 49. g5 fxg5 50. h3 Bb6 51. Nxe5 Rb4 52. Nf7 h6 53. e5 Kc7 54. Nd6 Kd7
55. Rc2 Rd4+ 56. Kc3 Rf4 57. Kd3 Ke6 58. Ke2 Rh4 59. Rc8 Kxe5 60. Nc4+ Kd5 61.
Nxb6+ axb6 62. Rc6 Rxh3 63. Rxb6 Ke5 64. Rc6 Rh2+ 65. Ke3 Rb2 66. b6 Rb3+ 67.
Kf2 Kf4 68. Rc4+ Kf5 69. Rc6 Rb5 70. Rc7 Rxb6 71. Rxg7 h5 72. Rf7+ Rf6 73. Ra7
Kg6 74. Kg2 Re6 75. Ra5 Re3 76. Kf2 Rd3 77. Ra6+ Kf5 78. Ra5+ Kf4 79. Ra4+ Ke5
80. Ra5+ Rd5 81. Ra8 h4 82. Re8+ Kd4 83. Re4+ Kd3 84. Kg2 Rf5 85. Ra4 Ke3 86.
Re4+ Kd3 87. Ra4 Rc5 88. Kh3 Ke3 89. Kg4 Rc2 90. Kxg5 h3 91. Rh4 h2 92. f4 Rg2+
93. Kf6 Kf3 94. f5 Kg3 95. Rh8 Rg1 96. Ke7 Re1+ 97. Kd7 Rf1 98. Ke6 h1=Q 99.
Rxh1 Rxh1 100. f6 Re1+ 101. Kd7 Rf1 102. Ke7 Kg4 103. f7 Rxf7+ 104. Kxf7 1/2-1/2

[Event "Saint Louis Masters 2026"]
[Site "Saint Louis USA"]
[Date "2026.02.28"]
[Round "7.25"]
[White "Yu, Jennifer"]
[Black "Celik, Hasan Huseyin"]
[Result "0-1"]
[WhiteTitle "FM"]
[BlackTitle "IM"]
[WhiteElo "2309"]
[BlackElo "2495"]
[WhiteFideId "2078341"]
[BlackFideId "44506759"]
[EventDate "2026.02.25"]

1. d4 Nf6 2. c4 e6 3. Nc3 Bb4 4. e3 b6 5. Ne2 Ne4 6. Qc2 Bb7 7. Ng3 Qh4 8. Bd3
f5 9. O-O Bxc3 10. bxc3 O-O 11. Ba3 Rf7 12. Rfd1 Nf6 13. f3 Nc6 14. e4 fxe4 15.
Nxe4 Nxe4 16. Bxe4 Na5 17. d5 c5 18. dxc6 Bxc6 19. Rd4 Bxe4 20. Rxe4 Qg5 21. Qd3
Rc8 22. Rd1 Nc6 23. Bd6 h6 24. a3 Qa5 25. Rde1 Qf5 26. Qe3 Na5 27. c5 Nb7 28.
Re5 Qc2 29. Re2 Qb3 30. Qd4 Qxa3 31. R5e3 bxc5 32. Qe5 Rf5 33. Qg3 Rg5 34. Qf4
Qc1+ 35. Kf2 Nxd6 36. Qxd6 Rd5 37. Qe7 Kh7 38. h4 a5 39. h5 a4 40. Re4 Qxc3 41.
Rxa4 c4 42. Qf7 Qd4+ 43. Kg3 Qf6 44. Qxf6 gxf6 45. Rc2 c3 46. Ra3 Rxh5 47. Rcxc3
Rg8+ 48. Kf2 Rh2 49. Rc7 Rgxg2+ 50. Ke3 Re2+ 51. Kf4 Kg6 52. Rxd7 e5+ 0-1